Tổng kết Đảng lãnh đạo quân sự và quốc phòng trong cách mạng Việt Nam (1945 - 2000)

সংরক্ষণ করুন:
গ্রন্থ-পঞ্জীর বিবরন
বিন্যাস: Sách
ভাষা:Undetermined
প্রকাশিত: Quân đội nhân dân 2021
বিষয়গুলি:
ট্যাগগুলো: ট্যাগ যুক্ত করুন
কোনো ট্যাগ নেই, প্রথমজন হিসাবে ট্যাগ করুন!
Thư viện lưu trữ: Trung tâm Thư viện - Trường Đại học Công nghiệp TP. Hồ Chí Minh
LEADER 00537nam a2200133Ia 4500
001 UIH_00355
008 230809s9999 xx 000 0 und d
082 |a 324.2597075 
245 0 |a Tổng kết Đảng lãnh đạo quân sự và quốc phòng trong cách mạng Việt Nam (1945 - 2000) 
260 |b Quân đội nhân dân 
260 |c 2021 
650 |a Đảng Cộng Sản Việt Nam;Quốc phòng; 
927 |a Sách 
980 |a Trung tâm Thư viện - Trường Đại học Công nghiệp TP. Hồ Chí Minh